Vychovávame odborníkov pre poisťovníctvo

Zhodnotenie výučby predmetov z poistnej vedy, poistenia a poisťovníctva na NHF EU v Bratislave. Príprava študentov podľa potrieb hospodárskej praxe.

Salvato in:
Dettagli Bibliografici
Autore principale: Čejková, Viktória
Natura: Capitolo di libro
Lingua:slovacco
Soggetti:
Tags: Aggiungi Tag
Nessun Tag, puoi essere il primo ad aggiungerne!!

MARC

LEADER 00000naa a2200000 4500
001 r017446
005 20221213122740.5
041 0 |a slo 
044 |a SK 
245 1 0 |a Vychovávame odborníkov pre poisťovníctvo  |c Viktória Čejková 
520 |a Zhodnotenie výučby predmetov z poistnej vedy, poistenia a poisťovníctva na NHF EU v Bratislave. Príprava študentov podľa potrieb hospodárskej praxe. 
610 2 0 |a poisťovníctvo 
610 2 0 |a školy vysoké 
610 2 0 |a Ekonomická univerzita v Bratislave 
610 2 0 |a Slovensko 
610 2 0 |a vzdelanie vysokoškolské 
100 1 |a Čejková, Viktória